• 首页
  • 本馆介绍
  • 公告通知
  • 最新文献
  • 馆藏检索
  • 电子资源
  • 读者导购
  • 参考咨询
  • 我的图书馆
  • 登录
  • 详细信息显示
  • 放入我的书架
  • 预约/预借图书
  • 作者相关作品
  • 分类相关作品
  • 丛书相关作品
  • 出版社相关作品

书目信息

  • 表格格式
  • 工作单格式
  • 卡片格式
题名:
微分几何
    
 
作者: 苏步青 编
分册:  
出版信息: 北京   人民教育出版社  1979
页数: 253页
开本: 20cm
丛书名:
单 册:
中图分类: O186.1
科图分类:
主题词: 微分几何--高等学校--教材
电子资源:
ISBN:
000 00605nam0 2200229 45
001 0179001796
005 20060811105210.03
010    @dCNY0.73
091    @a13012.0368
100    @a19950725d1979 em y0chiy0121 ea
101 0  @achi
102    @aCN@b110000
105    @ay z 000yy
200 10 @a微分几何@Awei fen ji he@f苏步青等编@Fsu bu qing deng bian
210    @a北京@c人民教育出版社@d1979
215    @a253页@d20cm
300    @a高等学校试用教材
606    @a微分几何@x高等学校@x教材
690    @aO186.1@v3
701  0 @a苏步青@Asu bu qing@4编
801  0 @aCN@bNLC@c20060811
905    @dO186.1@e10
    
    微分几何/苏步青等编.-北京:人民教育出版社,1979
    253页;20cm
    高等学校试用教材
    
    ISBN :CNY0.73
    
●
相关链接 在E读中查询图书 在五车中查询图书 在当当中查询图书 在豆瓣中查询图书


正题名:微分几何     索取号:O186.1/10         预约/预借

序号 登录号 条形码 馆藏地/架位号 状态 备注
1 0032773   000396770   第三借阅区/ [索取号:O186.1/10] 在馆    
2 0032774   202339923   密集书库/ [索取号:O186.1/10] 在馆    
3 0032775   202339914   密集书库/ [索取号:O186.1/10] 在馆    
4 0032776   202301883   密集书库/ [索取号:O186.1/10] 在馆    
5 0032777   202301847   密集书库/ [索取号:O186.1/10] 在馆    
6 0043449   000396814   第三借阅区/ [索取号:O186.1/10] 在馆    
7 0043450   202301810   密集书库/ [索取号:O186.1/10] 在馆    
8 0043451   202151606   密集书库/ [索取号:O186.1/10] 在馆    
9 0043452   202151624   密集书库/ [索取号:O186.1/10] 在馆    
10 0043453   000396823   第三借阅区/ [索取号:O186.1/10] 在馆    
11 0043455   000396832   第二样本阅览室/ [索取号:O186.1/10] 在馆    
12 0043456   202151615   密集书库/ [索取号:O186.1/10] 在馆    
13 0043457   000055692   第三借阅区/ [索取号:O186.1/10] 在馆    
14 0043458   202151679   密集书库/ [索取号:O186.1/10] 在馆    
15 0130003   202151562   密集书库/ [索取号:O186.1/10] 在馆    
16 0130004   202339941   密集书库/ [索取号:O186.1/10] 在馆    
17 0130005   001936356   第三借阅区/ [索取号:O186.1/10] 在馆    
18 0130006   202151633   密集书库/ [索取号:O186.1/10] 在馆    
19 0420184   204201844   密集书库/ [索取号:O186.1/10] 在馆    
20 0431588   204315883   密集书库/ [索取号:O186.1/10] 在馆    
21 0431589   204315892   密集书库/ [索取号:O186.1/10] 在馆    
22 0454210   204542101   密集书库/ [索取号:O186.1/10] 在馆    
23 0454211   204542110   密集书库/ [索取号:O186.1/10] 在馆    
唐山师范学院图书馆 欢迎您!
大连网信软件有限公司© 版权所有